U.S. States that Start with N - Shape Quiz - 30 Seconds - Statistics

General Stats
  • This quiz has been taken 241 times
  • The average score is 6 of 8
Answer Stats
Picture Answer % Correct
Nevada
94%
New York
93%
North Carolina
81%
New Mexico
80%
Nebraska
75%
New Jersey
67%
New Hampshire
58%
North Dakota
57%
No matching quizzes found
Score Distribution
Percent of People with Each Score
Percentile by Number Answered
Your Score History
You have not taken this quiz